000 00595cam a22002053a 4500
001 40420
003 PGUSA
005 20140828083913.0
008 120805s2012||||xxu|||||s|||||000 | eng d
040 _aPGUSA
_beng
042 _adc
100 1 _aAvilés, José María
245 1 0 _aLa voz de España contra todos sus enemigos
_h[electronic resource] /
_cJosé María Avilés
260 _bProject Gutenberg,
_c2012
506 _aPublic domain in the USA.
516 _aElectronic text
830 0 _aProject Gutenberg
_v40420
856 4 0 _uhttp://www.gutenberg.org/ebooks/40420
942 _cEB
999 _c269673
_d269673